• 首页
  • 本馆介绍
  • 公告通知
  • 最新文献
  • 馆藏检索
  • 电子资源
  • 读者导购
  • 参考咨询
  • 我的图书馆
  • 登录
  • 详细信息显示
  • 放入我的书架
  • 预约/预借图书
  • 作者相关作品
  • 分类相关作品
  • 丛书相关作品
  • 出版社相关作品

书目信息

  • 表格格式
  • 工作单格式
  • 卡片格式
题名:
氨水
    
 
作者: ;山东省农业科学院 编著
分册:  
出版信息: 北京   石油化学工业出版社  1975
页数: 68页
开本: 14cm
丛书名: 化学肥料施用知识丛书
单 册:
中图分类: TG113.6
科图分类:
主题词: 金属学 , 物理冶金学 , 氨水
电子资源:
ISBN:
000 00763nam2 2200265 45
001 0175002753
005 20070802113451.67
010    @dCNY0.10
100    @a19951013d1975 em y0chiy0121 ea
101 0  @achi
102    @aCN@b110000
105    @ay z 000yy
200 10 @a氨水@Aan shui@f山东省农业科学院编著@Fshan dong sheng nong ye ke xue yuan bian zhu
210    @a北京@c石油化学工业出版社@d1975
215    @a68页@d14cm
225 2  @a化学肥料施用知识丛书
410  0 @120010@a化学肥料施用知识丛书
606 0  @a金属学
606 0  @a物理冶金学
606    @a氨水
690    @aTG113.6@v4
711 02 @a山东省农业科学院@Ashan dong sheng nong ye ke xue yuan@4编著
801  0 @aCN@bTSSF@c20070802
801  2 @aCN@bNLC@c20060427
905    @a10447@dTG113.6@e1
    
    氨水/山东省农业科学院编著.-北京:石油化学工业出版社,1975
    68页;14cm.-(化学肥料施用知识丛书)
    
    
    ISBN :CNY0.10
    
●
相关链接 在E读中查询图书 在五车中查询图书 在当当中查询图书 在豆瓣中查询图书


正题名:氨水     索取号:TG113.6/1         预约/预借

序号 登录号 条形码 馆藏地/架位号 状态 备注
1 0016232   202162756   密集书库/ [索取号:TG113.6/1] 在馆    
2 0791094   207910947   密集书库/ [索取号:TG113.6/1] 在馆    
唐山师范学院图书馆 欢迎您!
大连网信软件有限公司© 版权所有